Klasifikácia trestov za skrátenie dane
Prezentácia rozdielov medzi jednotlivými objemami skrátenia dane a trestnými sankciami za ne. Legislatívne východiská. Konkrétne sankcie za krátenie dane. Problémy dokazovania v praxi. Podstata skrátenia dane podľa doterajšieho práva, zákon č. 511/1992 Zb. Realita právnej praxe.
Salvato in:
| Autore principale: | |
|---|---|
| Natura: | Capitolo di libro |
| Lingua: | slovacco |
| Soggetti: | |
| Tags: |
Nessun Tag, puoi essere il primo ad aggiungerne!!
|
MARC
| LEADER | 00000naa a2200000 4500 | ||
|---|---|---|---|
| 001 | r035852 | ||
| 005 | 20230911130758.2 | ||
| 041 | 0 | |a slo | |
| 044 | |a SK | ||
| 245 | 1 | 0 | |a Klasifikácia trestov za skrátenie dane |c Emil Burák |
| 520 | |a Prezentácia rozdielov medzi jednotlivými objemami skrátenia dane a trestnými sankciami za ne. Legislatívne východiská. Konkrétne sankcie za krátenie dane. Problémy dokazovania v praxi. Podstata skrátenia dane podľa doterajšieho práva, zákon č. 511/1992 Zb. Realita právnej praxe. | ||
| 610 | 2 | 0 | |a dane |
| 610 | 2 | 0 | |a povinnosť daňová |
| 610 | 2 | 0 | |a sankcie majetkové |
| 610 | 2 | 0 | |a právo trestné |
| 610 | 2 | 0 | |a dane z príjmov |
| 610 | 2 | 0 | |a podnikatelia |
| 610 | 2 | 0 | |a legislatíva |
| 610 | 2 | 0 | |a zákony |
| 610 | 2 | 0 | |a Slovensko |
| 610 | 2 | 0 | |a 1992 |
| 100 | 1 | |a Burák, Emil | |